UBT Library

Rewriting the soul : (Record no. 38900)

000 -LEADER
fixed length control field 00762pam a2200229 a 4500
001 - CONTROL NUMBER
control field 1126640
005 - DATE AND TIME OF LATEST TRANSACTION
control field 20171214041126.0
008 - FIXED-LENGTH DATA ELEMENTS--GENERAL INFORMATION
fixed length control field 941107s1995 nju b 001 0 eng
010 ## - LIBRARY OF CONGRESS CONTROL NUMBER
LC control number 94041975
020 ## - INTERNATIONAL STANDARD BOOK NUMBER
International Standard Book Number 069103642X (cloth : alk. paper)
040 ## - CATALOGING SOURCE
Original cataloging agency DLC
Transcribing agency DLC
Modifying agency DLC
041 ## - LANGUAGE CODE
Language code of text/sound track or separate title eng
080 ## - UNIVERSAL DECIMAL CLASSIFICATION NUMBER
Universal Decimal Classification number 153.12
082 00 - DEWEY DECIMAL CLASSIFICATION NUMBER
Classification number 153.12
Edition number 20
100 1# - Rafti
Rafti 18
101 ## - Shkurtesa
Shkurtesa SHP
245 10 - TITLE STATEMENT
Title Rewriting the soul :
Statement of responsibility, etc Ian Hacking.
504 ## - BIBLIOGRAPHY, ETC. NOTE
Bibliography, etc Includes bibliographical references (p. 297-328) and index.
906 ## - LOCAL DATA ELEMENT F, LDF (RLIN)
a 7
b cbc
c orignew
d 1
e ocip
f 19
g y-gencatlg
942 ## - ADDED ENTRY ELEMENTS (KOHA)
Source of classification or shelving scheme
Item type Books
Holdings
Withdrawn status Lost status Source of classification or shelving scheme Damaged status Not for loan Collection code Permanent location Current location Shelving location Date acquired Total Checkouts Full call number Barcode Date last seen Price effective from Koha item type
          Koleksioni i përgjithshem UBT - Lipjan UBT - Lipjan Koleksioni i përgjithshem 12/14/2017   153.12 HAC 002-2939153 12/14/2017 12/14/2017 Books
UBT Library © 2015-2024. All rights reserved University Education for Business and Technology